000 01087nam0a2200265 4500
001 RU\NLR\BIBL_A\022434828
005 20250806203152.0
035 _a(NLR Aleph) 022434828
090 _a73807
_c73807
100 _a20250124d1941 m y0rusy50 ca
101 0 _akaz
102 _aKZ
105 _aa z 000yy
181 0 _ai
_baxxe
182 0 _an
200 1 _a"Еӊбекке жана СССР Отаныӊ қорғауға даиын"
_fСССР Қалқ Комиссарлары Советінін жанындағы Фезкукльтура жана Спорт іштері жөніндегі Бүкілсоюздық Комитет
203 _aТекст
_bвизуальный
_cнепосредственный
210 _aАлма-Ата
_cҚазақбірікмембас
_d1941
215 _a217,[2] c.
_cил.
_d15
300 _aТекст на латин. графике
541 1 _aГотов к труду и обороне СССР
_zrus
942 _cBOOK
945 _aРоссийская национальная библиотека
980 _aBV